000 00609cam a2200217 4500
008 090401t1999 xxu||||| |||| 00| 0 eng d
020 _a0117534854
035 _a(Sirsi) u92193
041 _aeng
050 _a692.2
100 _aBillington, M. J.
245 _aManual to the building regulations.
260 _aLondon
_bStationery Office
_c1999
300 _a86p. ; 30cm.
350 _a14.99
650 _aBUILDING REGULATIONS 1991
690 _aBUILT ENVIRONMENT
710 _aUnited Kingdom
_bDepartment of the Environment, Transport and the Regions
_93507
942 _n0
948 _c18/03/1999
999 _c97728
_d97728